Дело по отношению государственного контролера с представлением соображения Комитета о составлении ревизионного устава относитель...

Доступно только в Электронных читальных залах Найти на картеНа карте
RUSMARC
00003761nmc2a22002413x 450
00167c7832d-70af-4aaf-b47d-4fc90e95124d
00520260213051704.0
100##$a20250911l18331833k l0rusy0189 ca
1010#$arus
102##$aRU
105##$ay###
1222#$ad
2001#$aДело по отношению государственного контролера с представлением соображения Комитета о составлении ревизионного устава относительно облегчения поверки штатных сумм
$j28 февраля - 8 марта 1833 г.
215##$a9 л.
$d36,5х26 см
251##$cДело
300##$aНа бланке обложки указано: "Отделение третье. Стол бухгалтерский"
371##$aДокумент не является опубликованным и широко распространяемым
461#0$1001a74412a3-3cc5-4d21-8f0a-dfe2fbd9e72d
$12001
$aДепартамент народного просвещения Министерства народного просвещения (1803-1917)
$1251
$cФонд
$1852
$j733
462#0$10019a193784-ca06-441d-a95d-72f37ed050a7
$12001
$aДела счетного стола Департамента народного просвещения за 1824-1849 годы
$1251
$cОпись
$1852
$j114
801#0$aRU
$bРГИА
$c20250911
$gRCR
801#1$aRU
$bГлавНИВЦ
$c20250911
$2rusmarc
801#2$aRU
$bПБ им. Б.Н. Ельцина
$c20260213
$gRCR
$2rusmarc
850##$aРГИА
852##$aРГИА
$eФедеральное казенное учреждение "Российский государственный исторический архив" (РГИА)
$j39
937##$hРГИА
$d12096393
$aASBIBLIO_SCAN
035##$aRusGRCC00089303
856##$uhttp://readingroom.main.prlib.ru/item.aspx?id_node=n200485625&mode=full
Формат отображения